Oralidad y escritura: prácticas de la palabra: los sermones

Збережено в:
Бібліографічні деталі
Автор: Martínez de Sánchez, Ana María (autora)
Формат: Книга
Мова:Іспанська
Опубліковано: Córdoba Báez Ediciones 2008
Редагування:1a. ed
Предмети:
Теги: Додати тег
Немає тегів, Будьте першим, хто поставить тег для цього запису!

MARC

LEADER 00000nam a2200000 a 4500
001 UCH4569
003 CL-VaPUC
008 090827e20080000AG |||||||||||||||||spa|d
020 |a 9789871498123 
082 0 4 |a 251  |b MAR  |2 21 
100 |a Martínez de Sánchez, Ana María  |e autora  |9 540152 
245 1 0 |a Oralidad y escritura: prácticas de la palabra: los sermones 
250 |a 1a. ed 
300 |a 217 p 
942 |c BK 
945 |d 20090827 00:00:00  |a rbrito 
260 |a Córdoba  |b Báez Ediciones  |c 2008 
650 7 |a DOCTRINA CRISTIANA  |2 CL-VaPUC  |9 339115 
650 7 |a SERMONES  |2 CL-VaPUC  |9 317687 
650 7 |a ORACIONES  |2 CL-VaPUC  |9 319212 
650 7 |a EVANGELIZACION  |2 CL-VaPUC  |9 540153 
650 0 |a Homilética  |9 478090 
583 |a last modification  |c 20090827 00:00:00  |k Rodrigo Vera 
999 |c 335849  |d 335847 
952 |0 0  |1 0  |4 0  |6 251_000000000000000_MAR_2008  |7 0  |8 A  |9 426589  |a BIBEDU  |b BIBEDU  |d 2019-11-22  |i 4592522  |o 251 MAR 2008  |p 4592522  |r 2019-11-22  |w 2019-11-22  |y BK  |k FIL